| 000 | 00000nam 2200000zi 4500 |
| 001 | 9.900126 |
| 003 | CaOODSP |
| 005 | 20230905131939 |
| 006 | m o d f |
| 007 | cr mn||||||||| |
| 008 | 210526t20212021onca o f000 0 fre d |
| 020 | |a9780660390307 |
| 040 | |aCaOODSP|bfre|erda|cCaOODSP |
| 043 | |an-cn--- |
| 086 | 1 |aH144-87/3-2021F-PDF |
| 245 | 00|aFumée des feux de fôret 101 : |butilisation d'un purificateur d'air pour filtrer la fumée des feux de forêt. |
| 264 | 1|a[Ottawa] : |bSanté Canada = Health Canada, |c[2021] |
| 264 | 4|c©2021 |
| 300 | |a1 ressource en ligne (2 pages non numérotées) : |billustrations en couleur |
| 336 | |atexte|btxt|2rdacontent/fre |
| 337 | |ainformatique|bc|2rdamedia/fre |
| 338 | |aressource en ligne|bcr|2rdacarrier/fre |
| 500 | |aPublié aussi en anglais sous le titre : Wildfire smoke 101 : using an air purifier to filter wildfire smoke. |
| 500 | |a« Pub.: 210119. » |
| 650 | 6|aAir|xÉpuration|zCanada|xAppareils et matériel. |
| 650 | 6|aFumée|xLutte contre|zCanada|xAppareils et matériel. |
| 650 | 6|aFeux de friches|zCanada|xSécurité|xMesures. |
| 710 | 1 |aCanada. |bSanté Canada, |eorganisme de publication. |
| 775 | 08|tWildfire smoke 101 : |w(CaOODSP)9.900124 |
| 794 | |tFumée des feux de fôret 101 : |w(CaOODSP)9.923795 |
| 856 | 40|qPDF|s931 Ko|uhttps://publications.gc.ca/collections/collection_2021/sc-hc/H144-87-3-2021-fra.pdf |
| 856 | 4 |qHTML|sS.O.|uhttps://www.canada.ca/fr/sante-canada/services/publications/vie-saine/utilisation-purificateur-air-portatif-fumee-feux-foret.html |
| 986 | |a210119 |